Management. (Record no. 883799)

MARC details
000 -LEADER
fixed length control field 00245nam a2200109Ia 4500
008 - FIXED-LENGTH DATA ELEMENTS--GENERAL INFORMATION
fixed length control field 231011s9999 xx 000 0 und d
041 ## - LANGUAGE CODE
Language code of text/sound track or separate title eng
100 ## - MAIN ENTRY--PERSONAL NAME
Personal name Koontz O Donnel Weihrich.
245 ## - TITLE STATEMENT
Title Management.
260 ## - PUBLICATION, DISTRIBUTION, ETC.
Name of publisher, distributor, etc. M.G.H. -
365 ## - TRADE PRICE
Price amount 112

No items available.